Animali con la "I" - Statistics

Statistiche generali
  • Questo quiz è stato fatto 78 volte
  • Il punteggio medio è 7 su 15
Statistiche sulle risposte
suggerimento risposte % Corretto
è un mammifero roditore caratterizzato dal dorso ricoperto di aculei. E' presente in Italia, Maghreb e Africa subsahariana. è simile al riccio Istrice
94%
è un mammifero carnivoro di media grandezza considerato lo spazzino della savana per la loro abitudine di nutrirsi di carcasse. Alcune specie sono anche cacciatrici. Iena
80%
è un rettile sudamericano simile alla lucertola ma più grosso e lento Iguana
74%
è un mammifero erbivoro di grossa stazza diffuso in Africa. Al contrario di quanto si possa pensare dal suo aspetto è molto territoriale e uno degli animali più pericolosi per l'uomo ippopotamo
71%
il genere comprende 45 specie di pesci d'acqua salata conosciuti comunemente come cavallucci marini Ippocampo
63%
Il suo nome scientifico è Threskiornis aethiopicus Ibis
57%
è un uccello selvatico a rischio critico di estinzione. Ormai è presente allo stato selvatico solo in alcune isolate colonie in Marocco e Siria. Allo stato semiselvatico o in cattività è presente in pochi esemplari in altre parti del mondo Ibis eremita
57%
è un delfino diffuso nelle acque dolci del sud America specialmente nel Rio delle Amazzoni. L'Inia mangia una quarantina di specie diverse di pesce, comprese tartarughe di fiume. E' il delfino più colorato del mondo Inia
49%
Mammifero di cui il nome è stato dato ad una macchina Impala
40%
chiamato anche procavia delle rocce è una delle quattro specie di iraci esistenti, e l'unica del genere Procavia. Irace del capo
37%
è un insetto snello abile nel mimetizzarsi che si nutre di foglie di rovi e rose Insetto stecco
32%
Dinosauro estinto di cui i ricercatori hanno trovato testimonianze nel corso degli anni. Era erbivoro e si spostava sia in posizione bipede che in quadrupedia, con una lunghezza massima di 13 m. Iguanodonte
18%
è un mammifero dal manto bianco e nero con grandi occhi gialli. E' endemico dell'isola del Madagascar nel continente africano. La specie raggiunge i 70 cm di altezza e pesa fino a 10 chili. Vive nelle foreste pluviali e ha abitudini notturne. Questa specie è vittima della deforestazione e degli incendi boschivi. Indri colicorto
5%
Il suo nome scientifico è Agapornis roseicollis ed è un uccello Inseparabile
3%
è una specie di uccello originaria delle Hawaii. Possiede un piumaggio rosso con ali nere. Ha un becco curvo e allungato che aiuta ad estrarre il nettare dai fiori. Completa la sua dieta con l'ingestione di piccoli artropodi, come farfalle o millepiedi. Iiwi
2%
Nessun quiz corrispondente trovato
Distribuzione punteggi
Percentuale di utenti per punteggio
Percentile per numero di risposta
I tuoi punteggi nel tempo
Non hai fatto questo quiz